Dreher Sörgyárak Zrt.[ ]Dobozfejtő gépsor kapacitásbővítése

Bibliographic Details
Main Author: Menthy Szabolcs
Other Authors: Tasi Péter
Format: Final Paper
Kulcsszavak:Dobozfejtő
Dreher
Kapacitásbővítés
Online Access:http://dolgozattar.uni-bge.hu/14547

MARC

LEADER 00000nta a2200000 i 4500
001 dolg14547
005 20171218104226.0
008 171218suuuu hu o 000 hun d
040 |a BGE Dolgozattár Repozitórium  |b hun 
041 |a hu 
100 1 |a Menthy Szabolcs 
245 1 0 |a Dreher Sörgyárak Zrt.[  |b ]Dobozfejtő gépsor kapacitásbővítése  |c Menthy Szabolcs  |h [elektronikus dokumentum] 
246 1 1 |a Dreher Breweries Ltd. [:] Canning line capacity upgrade 
516 |a Final_paper 
695 |a Dobozfejtő 
695 |a Dreher 
695 |a Kapacitásbővítés 
700 1 |a Tasi Péter  |e ths 
856 4 0 |u http://dolgozattar.uni-bge.hu/14547/1/Szakdolgozat%20Dobozfejt%C5%91%20b%C5%91v%C3%ADt%C3%A9s-v%C3%A9gleges-a4.pdf  |z Dokumentum-elérés 
856 4 0 |u http://dolgozattar.uni-bge.hu/14547/7/Menthy_titkos%C3%ADt%C3%A1s.pdf  |z Dokumentum-elérés 
856 4 0 |u http://dolgozattar.uni-bge.hu/14547/8/Menthy_nyilatkozat.pdf  |z Dokumentum-elérés